000
00264nam a2200121Ia 4500
008
231106s2017 xx 000 0 und d
041
_a
eng
082
_a
743.89
100
_a
PAUL BRYN DAVIES
245
_a
ENSOR
260
_b
SEARCH PRESS
_c
2017
300
_a
P-32
999
_c
920126
_d
920126